| 000 | 01066nam a2200217 i 4500 | ||
|---|---|---|---|
| 001 | 182422 | ||
| 003 | ES-MaACL | ||
| 005 | 20250628063558.0 | ||
| 008 | 130813s1990 sp |||| | spa d | ||
| 100 | 1 |
_aPrat, José, _d1905-1994 _993665 _eaut |
|
| 245 | 1 | 0 |
_aSolemne acto académico con motivo de la investidura de doctor "Honoris causa" del Excmo Sr. D. José Prat García / _cdiscurso pronunciado por el Sr. José Prat García ; palabras pronunciadas por el Sr. Francisco Michavila Pitarch ; discurso pronunciado por el rector de la Universidad Politécnica Rafael Portaencasa Baeza. |
| 260 |
_aMadrid : _bUniversidad Politécnica de Madrid, _c[1990] |
||
| 300 |
_a28 páginas, [2] hojas de láminas : _bilustraciones color ; _c27 cm. |
||
| 655 | 7 |
_2tgfbne _9234367 _aDiscursos académicos |
|
| 700 | 0 |
_aMichavila, Francisco. _980884 _eaui |
|
| 700 | 0 |
_aPortaencasa Baeza, Rafael. _993186 _eaut |
|
| 710 | 2 |
_97435 _aUniversidad Politécnica de Madrid _eedt |
|
| 852 |
_aES-MaACL _cDEPOF _j2324-F-5 |
||
| 942 |
_2udc _cFOLLETOS _n0 |
||
| 999 |
_c182422 _d182422 |
||